Main Characters in Red Dead Redemption 2 - Statistics

General Stats
  • This quiz has been taken 421 times
  • The average score is 26 of 34
Answer Stats
Character % Correct
Van Der Linde gang Dutch van der Linde
98%
Van Der Linde gang John Marston
98%
Van Der Linde gang Arthur Morgan
97%
Van Der Linde gang Abigail Roberts (Marston)
93%
Van Der Linde gang Hosea Matthews
93%
Van Der Linde gang Micah Bell
93%
Van Der Linde gang Jack Marston
92%
Van Der Linde gang Bill Williamson
91%
Van Der Linde gang Javier Escuella
91%
Van Der Linde gang Lenny Summers
88%
Van Der Linde gang Susan Grimshaw
88%
Van Der Linde gang Charles Smith
87%
Van Der Linde gang Tilly Jackson
87%
Van Der Linde gang Karen Jones
85%
Van Der Linde gang Uncle
82%
Van Der Linde gang Mary-Beth Gaskill
81%
Van Der Linde gang Sean MacGuire
81%
Van Der Linde gang Molly O'Shea
80%
Van Der Linde gang Sadie Adler
80%
Van Der Linde gang Kieran Duffy
79%
Van Der Linde gang Mr. Pearson
79%
Antagonists Andrew Milton
76%
Van Der Linde gang Leopold Strauss
76%
Van Der Linde gang Josiah Trelawny
75%
Antagonists Leviticus Cornwall
75%
Van Der Linde gang Reverend Swanson
74%
Antagonists Colm O'Driscoll
71%
Antagonists Edgar Ross
68%
Antagonists Angelo Bronte
61%
Antagonists Leigh Gray
54%
Antagonists Catherine Braithwaite
52%
Antagonists Alberto Fussar
48%
Antagonists Levi Simon
25%
Antagonists Colonel Henry Favors
15%
No matching quizzes found
Score Distribution
Percent of People with Each Score
Percentile by Number Answered
Your Score History
You have not taken this quiz